000 nam a22 7a 4500
999 _c106344
_d106343
005 20210421105204.0
008 210215b ||||| |||| 00| 0 eng d
020 _a9789338807005
080 _a89M-992
_bVAR/M
100 _aVarghese Angamaly
245 _aMarcopoloyute santhathikal(മാർക്കോപോളോയുടെ സന്തതികൾ )
260 _aKottayam,
_bSahithya pravarthaka co-operative society;
_c2019.
300 _a229p.
653 _aTravelogue- Malayalam Literature
942 _cBK